000 00562nam a2200241Ia 4500
003 AR-RoIUNI
005 20190714120713.0
008 150616s9999 xx 000 0 und d
020 _a8877153180
040 _cIUNIR
040 _dOCLC
_cIUNIR
080 _a811.131.1 CUS
100 1 _aCusimano, Linda
245 1 _aLĂ­nea Diretta 1
_bCorso di italiano per principianti
250 _a1a. ed.
260 _aPerugia
260 _bGuerra
260 _c1996
300 _a94 p.
300 _c28 cm.
650 1 0 _9544
_aItaliano
_xLengua
942 _cBK
_2cdu
999 _c393
_d393